[Event "Bhubaneswar op-A 14th"]
[Site "Bhubaneswar"]
[Date "2023.06.15"]
[Round "7"]
[White "Rout, Yashita"]
[Black "Debi, Prasad Nayak"]
[Result "1-0"]
[WhiteElo "1655"]
[BlackElo "1499"]
[PlyCount "55"]
[EventDate "2023.06.11"]
[EventType "swiss"]
[EventRounds "10"]
[EventCountry "IND"]
[SourceTitle "CBM 214 Extra"]
[Source "ChessBase"]
[SourceDate "2023.07.31"]
[SourceVersion "1"]
[SourceVersionDate "2023.07.31"]
[SourceQuality "1"]

1. e4 c5 2. Nf3 d6 3. Bb5+ Nd7 4. d4 Ngf6 5. Nc3 cxd4 6. Qxd4 a6 7. Bxd7+ Qxd7 8. 0-0 e6 9. Rd1 b5 10. Bg5 Be7 11. a4 Bb7 12. axb5 axb5 13. Rxa8+ Bxa8 14. Ra1 0-0 15. Ra7 Qe8 16. h3 h6 17. Bh4 g5 18. Bg3 d5 19. exd5 Nxd5 20. Ne4 Qc6 21. Rxe7 Nxe7 22. Nf6+ Kh8 23. Nd7+ Kg8 24. Nxf8 Kxf8 25. Bd6 Ke8 26. Qh8+ Kd7 27. Ne5+ Kxd6 28. Nxc6 1-0

[Event "Odisha-ch 60th"]
[Site "Balasore"]
[Date "2019.10.02"]
[Round "3"]
[White "Samal, Ansuman"]
[Black "Debi, Prasad Nayak"]
[Result "1/2-1/2"]
[WhiteElo "1853"]
[BlackElo "1478"]
[PlyCount "110"]
[EventDate "2019.10.01"]
[EventType "swiss"]
[EventRounds "9"]
[EventCountry "IND"]
[SourceTitle "CBM 192 Extra"]
[Source "Chessbase"]
[SourceDate "2019.11.06"]
[SourceVersion "1"]
[SourceVersionDate "2019.11.06"]
[SourceQuality "1"]

1. d4 Nf6 2. e3 d5 3. Bd3 c5 4. c3 Nc6 5. Nd2 e6 6. f4 Be7 7. Ngf3 0-0 8. 0-0 b6 9. Ne5 Bb7 10. Qf3 Ne8 11. g4 g6 12. Qh3 Nxe5 13. fxe5 f6 14. exf6 Bxf6 15. Nf3 Nd6 16. g5 Bxg5 17. Qg4 Bf6 18. Bd2 Nf5 19. h4 Qd6 20. Kg2 Nh6 21. Qh3 Rad8 22. Rae1 e5 23. e4 Bc8 24. Qg3 dxe4 25. Bxh6 exf3+ 26. Rxf3 Bg7 27. Bc4+ Kh8 28. Bxg7+ Kxg7 29. Rxf8 Rxf8 30. Qxe5+ Qxe5 31. dxe5 Bb7+ 32. Kg1 Rf4 33. Rd1 Rxc4 34. Rd7+ Kf8 35. Rxb7 Rxh4 36. Rxa7 Re4 37. Rxh7 Rxe5 38. Rb7 Re6 39. Kf2 Ke8 40. Kf3 Kd8 41. b3 Kc8 42. Rg7 Kb8 43. a4 Kc8 44. Kf4 Kb8 45. Rd7 Kc8 46. Rg7 Kb8 47. Kg5 Re3 48. Rxg6 Rxc3 49. Rxb6+ Ka7 50. a5 c4 51. b4 Rb3 52. Kf4 Rh3 53. Ke5 c3 54. Kd4 c2 55. Rc6 Rh4+ 1/2-1/2